[Event "Xtracon Chess Open 2017"]
[Site "Helsingor DEN"]
[Date "2017.07.28"]
[Round "8.54"]
[White "Andersen, Morten"]
[Black "Thaler, Toni"]
[Result "1/2-1/2"]
[WhiteElo "2193"]
[BlackElo "2041"]
[WhiteFideId "1504908"]
[BlackFideId "1303864"]
[EventDate "2017.07.22"]

1. c4 f5 2. g3 g6 3. Bg2 Bg7 4. d4 Nh6 5. h4 Nf7 6. e4 d6 7. exf5 gxf5 8. Nc3 e5
9. dxe5 dxe5 10. Qh5 c6 11. Nh3 Qf6 12. Ng5 h6 13. Nh3 Be6 14. Qe2 Na6 15. O-O
O-O 16. b3 Rfe8 17. Bb2 Qe7 18. Rfe1 Rad8 19. Rad1 Rxd1 20. Nxd1 Qd7 21. Kh2 Nc5
22. Ne3 Qd3 23. Qh5 Qd2 24. Re2 Qd7 25. Bc3 Nh8 26. Rd2 Qf7 27. Qd1 Ng6 28. Rd8
Qe7 29. Rxe8+ Qxe8 30. h5 Nf8 31. Qd6 Ncd7 32. Bf3 Qb8 33. Qe7 Bf6 34. Qa3 Nh7
35. Qb2 Ng5 36. Nxg5 hxg5 37. Qc2 e4 38. Bxf6 Nxf6 39. Qc3 Kf7 40. Be2 f4 41.
Nf1 f3 42. Bd1 Qh8 43. Kg1 Qxh5 44. Nh2 Qh3 45. Bxf3 exf3 46. Nxf3 Qf5 47. Qe3
Ne4 48. Qxe4 g4 49. Qxf5+ Bxf5 50. Nd2 Bd3 51. f3 gxf3 52. Kf2 Kf6 53. Kxf3 Ke5
54. Ke3 Bg6 55. g4 c5 56. Nf3+ Kf6 57. Kf4 Bb1 58. a3 b6 59. Nd2 Bc2 60. g5+ Ke6
61. b4 cxb4 62. axb4 a5 63. c5 axb4 64. cxb6 Kd6 65. Nc4+ Kc6 66. Ke3 Bh7 67.
Kd4 Bg8 68. g6 b3 69. Nd2 Kxb6 70. Kc3 Kc6 71. Nxb3 Kd6 1/2-1/2

[Event "Xtracon Chess Open 2017"]
[Site "Helsingor DEN"]
[Date "2017.07.28"]
[Round "8.55"]
[White "Olsen, Filip Boe"]
[Black "Samaganova, Alexandra"]
[Result "1-0"]
[WhiteTitle "FM"]
[WhiteElo "2189"]
[BlackElo "1992"]
[WhiteFideId "1440640"]
[BlackFideId "13800221"]
[EventDate "2017.07.22"]

1. d4 Nf6 2. c4 e6 3. Nc3 Bb4 4. e3 b6 5. Ne2 Ne4 6. Qc2 Bb7 7. a3 Bxc3+ 8. Nxc3
Nxc3 9. Qxc3 O-O 10. Bd3 f5 11. O-O Qf6 12. b4 Nc6 13. Bb2 Ne7 14. f3 Qg5 15.
Rae1 Ng6 16. Kh1 Nh4 17. Qc2 Rf6 18. e4 fxe4 19. Bxe4 Bxe4 20. Rxe4 Nf5 21. d5
Rh6 22. Bc1 Qh5 23. Bxh6 Qxh6 24. dxe6 Ng3+ 25. Kg1 Nxf1 26. exd7 Rf8 27. Re8
Qxh2+ 28. Kxf1 Qh1+ 29. Kf2 Qh4+ 30. Ke2 Qg5 31. Kf1 1-0

[Event "Xtracon Chess Open 2017"]
[Site "Helsingor DEN"]
[Date "2017.07.28"]
[Round "8.56"]
[White "Hartung-Nielsen, Jens"]
[Black "Larsen, Ulrik"]
[Result "1-0"]
[WhiteElo "2175"]
[BlackElo "1971"]
[WhiteFideId "1400690"]
[BlackFideId "1441167"]
[EventDate "2017.07.22"]

1. e4 e5 2. Nf3 Nc6 3. Nc3 Nf6 4. g3 Bb4 5. Bg2 d6 6. d3 Bg4 7. h3 Be6 8. Ng5 d5
9. Nxe6 fxe6 10. Bd2 O-O 11. O-O Qd7 12. exd5 exd5 13. a3 Bc5 14. Bg5 Ne7 15.
Qe2 Bd4 16. Rae1 c6 17. Kh2 Ng6 18. Nd1 Rae8 19. c3 Bb6 20. Qc2 Nh5 21. c4 e4
22. cxd5 cxd5 23. dxe4 d4 24. Bd2 Kh8 25. f4 Ne7 26. Nf2 Qe6 27. Qd1 Nf6 28. Nd3
Rc8 29. Bb4 Rfd8 30. f5 Qd7 31. Ne5 Qe8 32. Qb3 1-0

[Event "Xtracon Chess Open 2017"]
[Site "Helsingor DEN"]
[Date "2017.07.28"]
[Round "8.57"]
[White "Vestby-Ellingsen, Mads"]
[Black "Voll, Oddvar U"]
[Result "1-0"]
[WhiteElo "2175"]
[BlackElo "1942"]
[WhiteFideId "1520857"]
[BlackFideId "1533827"]
[EventDate "2017.07.22"]

1. e4 d5 2. exd5 Nf6 3. d4 e6 4. dxe6 Bxe6 5. Nf3 c5 6. Bb5+ Nbd7 7. O-O Bd6 8.
d5 Bxd5 9. c4 Bxf3 10. Qxd6 Bg4 11. Re1+ Be6 12. f4 g6 13. f5 gxf5 14. Bg5 Ne4
15. Rxe4 Qxg5 16. Bxd7+ 1-0

[Event "Xtracon Chess Open 2017"]
[Site "Helsingor DEN"]
[Date "2017.07.28"]
[Round "8.58"]
[White "Thuesen, Mogens"]
[Black "Gula, Julian"]
[Result "1/2-1/2"]
[WhiteElo "2170"]
[BlackElo "1869"]
[WhiteFideId "1400878"]
[BlackFideId "12954799"]
[EventDate "2017.07.22"]

1. c4 d6 2. Nc3 e5 3. g3 g6 4. Bg2 Bg7 5. e4 Nc6 6. Nge2 f5 7. d3 Nf6 8. O-O Be6
9. f4 Qd7 10. Rb1 O-O 11. b3 fxe4 12. dxe4 Bh3 13. f5 Bxg2 14. Kxg2 Ne7 15. fxg6
Nxg6 16. h3 Rf7 17. Be3 Raf8 18. Ng1 a6 19. Qd3 h6 20. Rbd1 b6 21. Nd5 Kh7 22.
b4 Nh5 23. Rxf7 Rxf7 24. Qe2 Nf6 25. Nxf6+ Bxf6 26. Qh5 Bg7 27. Nf3 Rf6 28. Rf1
Kg8 29. Nd2 Qf7 30. Qg4 Nf4+ 31. Bxf4 exf4 32. Rxf4 h5 33. Qc8+ Kh7 34. Nf3 Kh6
35. Rxf6+ Qxf6 36. h4 Qb2+ 37. Kh3 Qf6 38. Ng5 Qf1+ 39. Kh2 Qf2+ 40. Kh3 Qf1+ 1/2-1/2

[Event "Xtracon Chess Open 2017"]
[Site "Helsingor DEN"]
[Date "2017.07.28"]
[Round "8.59"]
[White "Hoi, Carsten"]
[Black "Jepsen, Thomas Tange"]
[Result "1-0"]
[WhiteTitle "GM"]
[WhiteElo "2356"]
[BlackElo "2052"]
[WhiteFideId "1400100"]
[BlackFideId "1405357"]
[EventDate "2017.07.22"]

1. c4 Nf6 2. d4 e6 3. Nc3 Bb4 4. e3 b6 5. Ne2 Ne4 6. Bd2 Nxd2 7. Qxd2 d5 8. a3
Be7 9. cxd5 exd5 10. Nf4 Bb7 11. g3 c6 12. b4 Nd7 13. b5 Nf6 14. bxc6 Bxc6 15.
Bg2 O-O 16. O-O Rc8 17. Rfc1 Qd6 18. Qd3 Rfd8 19. Qf5 g6 20. Qe5 Rb8 21. h4 h5
22. a4 a6 23. Bf1 Bb7 24. Rab1 Ng4 25. Qxd6 Rxd6 26. Rb3 Rc8 27. Rcb1 Bd8 28.
Bh3 f5 29. Bg2 Nf6 30. Nxg6 Ne4 31. Nxe4 fxe4 32. Ne5 Rc2 33. R3b2 Rc3 34. Ra2
Bc8 35. Rbb2 Rc1+ 36. Kh2 Bb7 37. Rc2 Rb1 38. Bh3 b5 39. axb5 Rxb5 40. Bc8 Kg7
41. Bxb7 Rxb7 42. Rc6 Rb6 43. Rc8 Rb1 44. Ra8 a5 45. Ra7+ 1-0

[Event "Xtracon Chess Open 2017"]
[Site "Helsingor DEN"]
[Date "2017.07.28"]
[Round "8.60"]
[White "Tryggestad, Andreas Garberg"]
[Black "Kristiansen, Willy"]
[Result "1/2-1/2"]
[WhiteTitle "FM"]
[WhiteElo "2324"]
[BlackElo "2041"]
[WhiteFideId "1513338"]
[BlackFideId "1504525"]
[EventDate "2017.07.22"]

1. e4 e5 2. Nf3 Nc6 3. Bb5 Nf6 4. d3 Bc5 5. c3 O-O 6. O-O d6 7. Nbd2 a6 8. Bxc6
bxc6 9. Nc4 Re8 10. Bg5 h6 11. Bh4 g5 12. Bg3 Bg4 13. Ne3 Be6 14. Qc2 Bb6 15. d4
g4 16. Nh4 exd4 17. cxd4 Nh5 18. Nhf5 Nxg3 19. hxg3 Bxf5 20. Nxf5 Qf6 21. Qxc6
Bxd4 22. Qxc7 Rxe4 23. Qc6 Rae8 24. Nxd4 Qxd4 25. Qxa6 Re2 26. Rad1 Qxb2 27. a4
Rd2 28. Qc4 h5 29. Qf4 Rxd1 30. Rxd1 Qe5 31. Qxe5 Rxe5 32. Rxd6 Re1+ 33. Kh2 Ra1
34. f4 Rxa4 35. Rd5 Kg7 36. Rxh5 f6 37. f5 Re4 38. Kg1 Re5 39. Kf2 Kg8 40. Rh4
Rxf5+ 41. Ke3 Ra5 42. Rxg4+ Kf7 43. Re4 Ra3+ 44. Kf4 Ra2 45. Kf3 Ra3+ 46. Re3
Ra4 47. g4 Kg6 48. Kg3 Kg5 49. Kh3 Rxg4 50. Re8 Rh4+ 1/2-1/2

[Event "Xtracon Chess Open 2017"]
[Site "Helsingor DEN"]
[Date "2017.07.28"]
[Round "8.61"]
[White "Skjoldager, Mikael"]
[Black "Pantzar, Milton"]
[Result "0-1"]
[BlackTitle "FM"]
[WhiteElo "2050"]
[BlackElo "2313"]
[WhiteFideId "1434314"]
[BlackFideId "1721003"]
[EventDate "2017.07.22"]

1. e4 e5 2. Nf3 Nc6 3. Bb5 a6 4. Ba4 Nf6 5. O-O Be7 6. Re1 b5 7. Bb3 d6 8. c3
O-O 9. h3 Na5 10. Bc2 c5 11. d4 Qc7 12. Nbd2 Bd7 13. Nf1 Nc4 14. b3 Nb6 15. Ne3
Rfe8 16. dxe5 dxe5 17. c4 g6 18. Bb2 Bf8 19. Bd3 Nh5 20. Nd5 Nxd5 21. cxd5 f6
22. Bf1 Rec8 23. Rc1 a5 24. a4 bxa4 25. bxa4 Qa7 26. Ba3 Ng7 27. Nd2 Rab8 28.
Re3 Ne8 29. Rec3 Rb4 30. Bxb4 axb4 31. Rf3 Bh6 32. Ra1 Bxd2 33. Qxd2 Qa5 34. Bc4
Nd6 35. Qe2 Kg7 36. Qc2 Ra8 37. Bb3 c4 38. Bxc4 Rc8 39. Qe2 Rxc4 40. Re3 Bc8 41.
Rf1 Ba6 42. Qg4 Qc7 43. f4 Qa7 44. fxe5 Qxe3+ 45. Kh2 f5 46. Qh4 g5 47. Qh5 Rxe4
48. Rf3 Qc1 49. exd6 Re1 50. Rxf5 Rh1+ 51. Kg3 Qe1+ 52. Kg4 Be2+ 53. Rf3 Bxf3+
54. gxf3 h6 55. Kf5 Qb1+ 56. Ke6 Re1+ 57. Kd7 Qf5+ 0-1

[Event "Xtracon Chess Open 2017"]
[Site "Helsingor DEN"]
[Date "2017.07.28"]
[Round "8.62"]
[White "Tabaa, Ghayth"]
[Black "Malmstig, Erik"]
[Result "0-1"]
[BlackTitle "FM"]
[WhiteElo "2041"]
[BlackElo "2266"]
[WhiteFideId "7603819"]
[BlackFideId "1702866"]
[EventDate "2017.07.22"]

1. e4 c5 2. Nf3 d6 3. d4 cxd4 4. Bb5+ Nc6 5. Qxd4 Bd7 6. Bxc6 bxc6 7. c4 e5 8.
Qd3 Nf6 9. Nc3 Qc7 10. O-O Be7 11. Rd1 Be6 12. Bg5 Rd8 13. Rac1 Qb8 14. Rc2 h6
15. Bc1 Nd7 16. b3 Nc5 17. Qe2 Bg4 18. h3 Bh5 19. Be3 Ne6 20. Rcd2 Qb4 21. Rd3
Bg5 22. Qd2 Bxf3 23. gxf3 O-O 24. Ne2 Qb7 25. f4 exf4 26. Nxf4 Nc5 27. Bxc5 dxc5
28. Qe3 Rxd3 29. Rxd3 Qc7 30. e5 Re8 31. Qg3 Qxe5 32. Re3 Qa1+ 33. Kg2 Rd8 34.
h4 Rd1 35. Re8+ Kh7 36. Ne2 Rh1 37. Qd3+ g6 38. Qd7 Qf1+ 39. Kf3 Qh3+ 40. Qxh3
Rxh3+ 41. Kg2 Rxh4 42. a4 a5 43. f3 Bd2 44. Re5 Bb4 45. f4 Kg7 46. Re7 g5 47.
Ng3 Rxf4 48. Nh5+ Kf8 49. Rc7 Rd4 50. Rxc6 Rd3 51. Ng3 h5 52. Nxh5 Rxb3 53. Nf6
Rc3 54. Nd7+ Kg7 55. Nxc5 Bxc5 56. Rxc5 Kg6 57. Kf2 g4 58. Rxa5 f5 59. Rc5 Kg5
60. a5 Ra3 61. Rb5 g3+ 62. Kf1 Kg4 63. Rd5 f4 64. Rd1 Rxa5 65. Rc1 Rc5 66. Rc3
f3 67. Kg1 Rh5 68. Rc1 f2+ 0-1

[Event "Xtracon Chess Open 2017"]
[Site "Helsingor DEN"]
[Date "2017.07.28"]
[Round "8.63"]
[White "Grundekjon, Christian"]
[Black "Jacobsen, Mikkel Manosri"]
[Result "1-0"]
[BlackTitle "FM"]
[WhiteElo "2035"]
[BlackElo "2247"]
[WhiteFideId "1512625"]
[BlackFideId "1444514"]
[EventDate "2017.07.22"]

1. d4 Nf6 2. Bf4 c5 3. d5 g6 4. Nc3 Bg7 5. e4 O-O 6. Nf3 d6 7. Qd2 a6 8. a4 Qa5
9. Ra2 Qb4 10. Bd3 Bg4 11. O-O Bxf3 12. gxf3 Nh5 13. Be3 f5 14. Ne2 Qb6 15. exf5
gxf5 16. a5 Qd8 17. Ng3 Nxg3 18. hxg3 Nd7 19. Bh6 Ne5 20. Kg2 Qe8 21. Bxg7 Kxg7
22. Qg5+ Kh8 23. Rh1 Qf7 24. Ra4 Nxd3 25. cxd3 Rg8 26. Qh5 Rg7 27. Qxf7 Rxf7 28.
Rc1 f4 29. d4 Raf8 30. g4 Rg8 31. dxc5 dxc5 32. Rxc5 h5 33. Rc7 hxg4 34. d6 g3
35. Rxe7 gxf2+ 36. Kxf2 Rf6 37. Rd4 1-0

[Event "Xtracon Chess Open 2017"]
[Site "Helsingor DEN"]
[Date "2017.07.28"]
[Round "8.64"]
[White "Moestrup, Jorn"]
[Black "Christensen, Thomas2"]
[Result "1/2-1/2"]
[WhiteElo "2034"]
[BlackElo "2229"]
[WhiteFideId "1403680"]
[BlackFideId "1407635"]
[EventDate "2017.07.22"]

1. Nf3 b6 2. d4 Bb7 3. c4 e6 4. g3 Bb4+ 5. Bd2 Bxf3 6. exf3 Bxd2+ 7. Qxd2 Qf6 8.
Nc3 Qxf3 9. Rg1 Nc6 10. Bg2 Qh5 11. h3 O-O-O 12. g4 Qh6 13. f4 Qh4+ 14. Kf1 d5
15. cxd5 exd5 16. Nxd5 Nf6 17. Rc1 Nxd5 18. Rxc6 Rhe8 19. Bxd5 Rxd5 20. Kg2 Rd7
21. Rgc1 Rde7 22. R1c2 Re3 23. Rxc7+ Kb8 24. Rc8+ Kb7 25. Rxe8 Qxh3+ 26. Kg1
Rg3+ 27. Qg2+ Rxg2+ 28. Rxg2 Kc6 29. Re7 Qd3 30. Rxf7 Qxd4+ 31. Kh2 a5 32. a3
Qd6 33. Rf5 h6 34. Re5 Qd4 35. Rf5 Qe4 36. Rf7 g6 37. Rf6+ Kb5 38. Kg3 Qe3+ 39.
Kh4 Qe4 40. Kg3 Qe1+ 41. Kh3 Qh1+ 42. Kg3 Qe1+ 43. Kh3 Qe3+ 44. Kh2 Ka4 45. Rf7
Qe6 46. Rf8 Qe7 47. Rc8 Qh4+ 1/2-1/2

[Event "Xtracon Chess Open 2017"]
[Site "Helsingor DEN"]
[Date "2017.07.28"]
[Round "8.65"]
[White "Thogersen, Rasmus"]
[Black "De Coninck, Erik"]
[Result "1-0"]
[WhiteElo "2222"]
[BlackElo "2032"]
[WhiteFideId "1431412"]
[BlackFideId "233234"]
[EventDate "2017.07.22"]

1. e4 e6 2. d4 d5 3. Nd2 c5 4. exd5 Qxd5 5. Ngf3 cxd4 6. Bc4 Qd6 7. O-O Nf6 8.
Nb3 Nc6 9. Nbxd4 Nxd4 10. Nxd4 Be7 11. c3 e5 12. Nb5 Qc6 13. Qb3 O-O 14. Bg5 a6
15. Bxf6 Bxf6 16. Na3 Qc7 17. Bd5 Rb8 18. c4 Bd7 19. Rfd1 Bc6 20. Nc2 Bxd5 21.
cxd5 Rbc8 22. Ne3 Rfd8 23. Qb4 Be7 24. Qg4 Qd7 25. Qe4 Bd6 26. h4 b5 27. h5 Rf8
28. Qf5 Qxf5 29. Nxf5 Rfd8 30. Rac1 Rxc1 31. Rxc1 g6 32. Nxd6 Rxd6 33. h6 f5 34.
Rc8+ Kf7 35. Rc7+ Kf6 36. Rxh7 Rxd5 37. Ra7 Kg5 38. h7 Rd1+ 39. Kh2 Rd8 40. Rxa6
Kh6 41. Rb6 Kxh7 42. Rxb5 Rd2 43. a4 Rxf2 44. a5 Rf4 45. Rb3 Rd4 46. a6 e4 47.
a7 Rd8 48. Rb8 1-0

[Event "Xtracon Chess Open 2017"]
[Site "Helsingor DEN"]
[Date "2017.07.28"]
[Round "8.66"]
[White "Slettebo, Jan"]
[Black "Leutwyler, Martin"]
[Result "0-1"]
[WhiteElo "2021"]
[BlackElo "2198"]
[WhiteFideId "1704958"]
[BlackFideId "1301969"]
[EventDate "2017.07.22"]

1. e4 c6 2. d4 d5 3. e5 Bf5 4. g4 Bd7 5. h3 c5 6. Be3 e6 7. c3 cxd4 8. Bxd4 Nc6
9. Nf3 Rc8 10. Nbd2 Nge7 11. Qe2 Ng6 12. Qe3 Be7 13. Nb3 O-O 14. g5 Nxd4 15.
Nbxd4 Bc5 16. h4 b5 17. Bd3 b4 18. cxb4 Bxb4+ 19. Kf1 Bc5 20. h5 Ne7 21. Qf4 Qb6
22. h6 f5 23. hxg7 Rf7 24. g6 Nxg6 25. Qh6 Rxg7 26. Ng5 Bxd4 27. Nxh7 0-1

[Event "Xtracon Chess Open 2017"]
[Site "Helsingor DEN"]
[Date "2017.07.28"]
[Round "8.67"]
[White "Jorgensen, Dennis"]
[Black "Jensen, Thore Nyboe"]
[Result "1/2-1/2"]
[WhiteElo "2197"]
[BlackElo "2016"]
[WhiteFideId "1408380"]
[BlackFideId "1405349"]
[EventDate "2017.07.22"]

1. d4 Nf6 2. Nf3 e6 3. c4 c5 4. d5 exd5 5. cxd5 d6 6. Nc3 g6 7. Bf4 Bg7 8. Qa4+
Bd7 9. Qb3 Qc7 10. e4 O-O 11. Be2 Ng4 12. O-O Re8 13. Nd2 Ne5 14. Bg3 Na6 15.
Rfe1 h6 16. Nb5 Bxb5 17. Bxb5 Re7 18. Bh4 g5 19. Bg3 Nb8 20. Be2 Nbd7 21. a4 Nf8
22. Nf1 Neg6 23. Qc2 Nf4 24. Ne3 N8g6 25. Nf5 Re5 26. Bf1 Bf8 27. Rac1 Qa5 28.
f3 a6 29. Bf2 b5 30. Ra1 b4 31. g3 Nh5 32. Ne3 Qd8 33. Nc4 Re8 34. a5 Ne5 35.
Nd2 Bg7 36. Bg2 Ra7 37. Ra2 Rb7 38. b3 Rb5 39. Bf1 Rxa5 40. Bxa6 Rxa2 41. Qxa2
Qa8 42. Qa4 Re7 43. Be2 Ra7 44. Qb5 Rb7 45. Qa6 Qxa6 46. Bxa6 Ra7 47. Be2 Ra2
48. Nc4 Nxc4 49. Bxc4 Bc3 50. Re2 Ra1+ 1/2-1/2

[Event "Xtracon Chess Open 2017"]
[Site "Helsingor DEN"]
[Date "2017.07.28"]
[Round "8.68"]
[White "Schroeder, Christoph"]
[Black "Schrodt, Sebastian"]
[Result "1-0"]
[WhiteElo "2196"]
[BlackElo "2007"]
[WhiteFideId "4605250"]
[BlackFideId "24675563"]
[EventDate "2017.07.22"]

1. e4 c5 2. Nf3 d6 3. d4 cxd4 4. Nxd4 Nf6 5. Nc3 a6 6. h3 e5 7. Nde2 Be7 8. g4
Be6 9. Bg2 b5 10. Ng3 Nc6 11. Be3 Rc8 12. O-O b4 13. Nd5 Bxd5 14. exd5 Na5 15.
b3 Qc7 16. Qd3 Qb7 17. a3 Rc3 18. Qd2 Qc8 19. axb4 Rxc2 20. Rfc1 Rxc1+ 21. Rxc1
Qb8 22. bxa5 Qxb3 23. Rc8+ Bd8 24. Bb6 Kd7 25. Qc1 Qb5 26. Rxd8+ 1-0

[Event "Xtracon Chess Open 2017"]
[Site "Helsingor DEN"]
[Date "2017.07.28"]
[Round "8.69"]
[White "Frisk, Hans"]
[Black "Moe, Mogens"]
[Result "0-1"]
[BlackTitle "FM"]
[WhiteElo "1997"]
[BlackElo "2188"]
[WhiteFideId "1708570"]
[BlackFideId "1400550"]
[EventDate "2017.07.22"]

1. e4 c5 2. Nf3 e6 3. g3 Nc6 4. Bg2 Nf6 5. Qe2 d6 6. O-O Qc7 7. c3 e5 8. Rd1 Bg4
9. h3 Bh5 10. d3 Be7 11. Nbd2 Rd8 12. a4 a6 13. Nf1 d5 14. Bg5 d4 15. c4 Rb8 16.
g4 Bg6 17. Nh4 h6 18. Nxg6 fxg6 19. Bd2 O-O 20. Ng3 Nh7 21. Rf1 Bh4 22. Rab1 Rf7
23. Kh2 Nf8 24. Qd1 Ne6 25. f3 Bg5 26. Bxg5 hxg5 27. Ne2 Rff8 28. Qe1 Kf7 29.
Kg3 Rh8 30. Rh1 b5 31. axb5 axb5 32. b3 Nb4 33. Qd2 bxc4 34. bxc4 Ra8 35. Ra1
Qb7 36. Rhb1 Rxa1 37. Rxa1 Ra8 38. Rxa8 Qxa8 39. Nc1 Qa3 40. Bf1 Qc3 41. Qxc3
dxc3 42. h4 gxh4+ 43. Kxh4 g5+ 44. Kg3 Nd4 45. Kf2 Ke6 46. Be2 Kd6 47. Bd1 c2
48. Be2 Kc6 49. Ke3 Kb6 50. Kd2 Ka5 51. Kc3 Ka4 52. Kb2 g6 53. Bf1 Nxf3 54. Nb3
Nd4 55. Nxc5+ Ka5 56. Nb7+ Kb6 57. Nd8 Na2 58. c5+ Kxc5 59. Ne6+ Kb4 0-1

[Event "Xtracon Chess Open 2017"]
[Site "Helsingor DEN"]
[Date "2017.07.28"]
[Round "8.70"]
[White "Carnstam, Tomas"]
[Black "Rolvag, Mikael"]
[Result "0-1"]
[WhiteElo "1977"]
[BlackElo "2182"]
[WhiteFideId "1707221"]
[BlackFideId "1500481"]
[EventDate "2017.07.22"]

1. g3 c5 2. Bg2 g6 3. Nf3 Bg7 4. d4 cxd4 5. Nxd4 Nc6 6. Nb3 Nf6 7. e4 d6 8. c3
Qc7 9. O-O b6 10. f4 Rb8 11. Qe2 Nd7 12. Be3 Nc5 13. Nxc5 bxc5 14. e5 O-O 15. b3
Na5 16. Nd2 Bb7 17. Ne4 Bxe4 18. Bxe4 dxe5 19. f5 Nb7 20. fxg6 hxg6 21. Rad1 Nd6
22. Bc2 Nb5 23. Qc4 Na3 24. Qe2 Nxc2 25. Qxc2 e6 26. c4 Rb7 27. Qf2 Rc8 28. Rd2
f5 29. Rfd1 Bf8 30. Bg5 Qg7 31. Qe2 e4 32. Rd8 Rxd8 33. Rxd8 Rd7 34. Rxd7 Qxd7
35. Qd2 Qxd2 36. Bxd2 Bd6 37. Bc3 Kf7 38. Kf2 g5 39. h3 f4 40. g4 Be7 41. Be5
Bf6 42. Bb8 Bd4+ 43. Ke1 f3 44. Bxa7 e3 0-1

[Event "Xtracon Chess Open 2017"]
[Site "Helsingor DEN"]
[Date "2017.07.28"]
[Round "8.71"]
[White "Petersen, Peter Birk"]
[Black "Meurman, Arne"]
[Result "1-0"]
[WhiteElo "2179"]
[BlackElo "1980"]
[WhiteFideId "1401696"]
[BlackFideId "1704923"]
[EventDate "2017.07.22"]

1. e4 e5 2. Nf3 Nc6 3. Bb5 a6 4. Ba4 Nf6 5. O-O Be7 6. Re1 b5 7. Bb3 d6 8. c3
O-O 9. h3 Nb8 10. d4 Nbd7 11. Nbd2 Bb7 12. Bc2 Re8 13. Nf1 Bf8 14. Ng3 g6 15. b3
c5 16. Bb2 Qc7 17. Qd2 Rac8 18. Bd3 c4 19. Bc2 b4 20. bxc4 Qxc4 21. Bb3 bxc3 22.
Qc2 Qb4 23. Bc1 exd4 24. Rb1 Qc5 25. Bxf7+ Kxf7 26. Rxb7 Kg8 27. Rd1 Ne5 28.
Nxd4 Re7 29. Rb3 d5 30. Ba3 Qc4 31. Bxe7 Bxe7 32. exd5 Nxd5 33. Qe4 Bf6 34. Nc2
Nf4 35. Rd4 Nxh3+ 36. gxh3 Nf3+ 37. Qxf3 Bxd4 38. Rb4 Qxa2 39. Nxd4 c2 40. Nxc2
Qxc2 41. Qd5+ Kh8 42. Qe5+ Kg8 43. Qe6+ Kh8 44. Qf6+ Kg8 45. Rb7 Qc1+ 46. Kh2 1-0

[Event "Xtracon Chess Open 2017"]
[Site "Helsingor DEN"]
[Date "2017.07.28"]
[Round "8.72"]
[White "Rasmussen, Lars Garne"]
[Black "Palozza, Christian"]
[Result "0-1"]
[WhiteElo "1961"]
[BlackElo "2178"]
[WhiteFideId "1406434"]
[BlackFideId "895580"]
[EventDate "2017.07.22"]

1. e4 c6 2. d4 d5 3. e5 c5 4. dxc5 e6 5. a3 Bxc5 6. b4 Bb6 7. Nf3 Ne7 8. Bd3
Nbc6 9. Bb2 Ng6 10. O-O O-O 11. Re1 a6 12. c4 dxc4 13. Bxc4 Qxd1 14. Rxd1 Bc7
15. Re1 b5 16. Bd3 Bb7 17. Nbd2 Nce7 18. Rac1 Bb6 19. Be4 Bxe4 20. Nxe4 Nf4 21.
Red1 Ne2+ 22. Kf1 Nxc1 23. Bxc1 Rac8 24. Nd6 Rc2 25. Nd2 Nd5 26. N2e4 Nc3 27.
Nxc3 Rxc3 28. Bb2 Rc2 29. Bd4 Bxd4 30. Rxd4 Rc3 31. Rf4 Rxa3 32. Ke2 Rd8 33. g3
f6 34. Nb7 fxe5 35. Nxd8 exf4 36. Nxe6 f3+ 0-1

[Event "Xtracon Chess Open 2017"]
[Site "Helsingor DEN"]
[Date "2017.07.28"]
[Round "8.73"]
[White "Kistrup, Nicolai"]
[Black "Huse, Sigurd Kjelsbol"]
[Result "1-0"]
[WhiteElo "2177"]
[BlackElo "1944"]
[WhiteFideId "1444816"]
[BlackFideId "1520717"]
[EventDate "2017.07.22"]

1. c4 e5 2. e3 Nc6 3. Nc3 a6 4. d4 Bb4 5. Nf3 d6 6. Be2 Nge7 7. O-O O-O 8. Na4
Ba5 9. a3 Bb6 10. Nxb6 cxb6 11. b4 Qc7 12. Bb2 Ng6 13. Qb3 Bg4 14. h3 Bxf3 15.
Bxf3 Rfe8 16. g3 exd4 17. exd4 Re7 18. Qc3 Rae8 19. h4 Qd7 20. Kg2 f6 21. Rh1
Nf8 22. h5 Qf5 23. Rae1 Nd7 24. Rxe7 Rxe7 25. Re1 Rxe1 26. Qxe1 Kf8 27. Qe2 Qg5
28. Qe6 1-0

[Event "Xtracon Chess Open 2017"]
[Site "Helsingor DEN"]
[Date "2017.07.28"]
[Round "8.74"]
[White "Preuss, Flemming"]
[Black "Hojgaard, Brandur"]
[Result "1-0"]
[WhiteElo "1986"]
[BlackElo "1747"]
[WhiteFideId "1403338"]
[BlackFideId "7201478"]
[EventDate "2017.07.22"]

1. f4 d5 2. Nf3 c5 3. b3 Nf6 4. Bb2 Nc6 5. e3 e6 6. Bb5 a6 7. Bxc6+ bxc6 8. O-O
Be7 9. d3 O-O 10. Nbd2 Nd7 11. Qe1 f5 12. e4 Bf6 13. e5 Be7 14. a4 a5 15. Qe2
Ba6 16. Kh1 Kh8 17. Rg1 Nb6 18. Bc3 Bb7 19. Rad1 d4 20. Bb2 Nd5 21. g3 Ba6 22.
Rde1 Rg8 23. Nf1 g5 24. fxg5 Bxg5 25. Nxg5 Qxg5 26. Bc1 Qe7 27. Bd2 Rg6 28. Qf3
Bc8 29. Re2 Bb7 30. Reg2 Nb4 31. Bf4 c4 32. bxc4 c5 33. Qe2 Qd7 34. h3 Qxa4 35.
Kh2 Bxg2 36. Rxg2 Qc6 37. Qd1 a4 38. Nd2 a3 39. Nb3 Rg7 40. Rg1 a2 41. Qe2 Rga7
42. Na1 Rg8 43. Rf1 Rb7 44. Rf2 Rgb8 45. Bg5 Na6 46. Bf6+ Kg8 47. Qd2 Qe8 48. g4
fxg4 49. Rg2 Qh5 50. Rxg4+ Kf7 51. Qg2 Ke8 52. Qc6+ Kf8 53. Qd6+ Kf7 54. Rg7+
Ke8 55. Qxe6+ 1-0

[Event "Xtracon Chess Open 2017"]
[Site "Helsingor DEN"]
[Date "2017.07.28"]
[Round "8.75"]
[White "Issakainen, Ari"]
[Black "Degerfeldt, Sven"]
[Result "1-0"]
[WhiteElo "2168"]
[BlackElo "1935"]
[WhiteFideId "500330"]
[BlackFideId "1717430"]
[EventDate "2017.07.22"]

1. Nf3 Nf6 2. g3 d5 3. Bg2 g6 4. c4 c6 5. O-O Bg7 6. d4 O-O 7. Nbd2 Nbd7 8. b3
Re8 9. Bb2 e6 10. Rc1 a5 11. a3 Qc7 12. e3 b6 13. Ne5 Bb7 14. f4 Rac8 15. h4 Qd8
16. g4 c5 17. g5 Ne4 18. Nxe4 dxe4 19. Qc2 f5 20. gxf6 Nxf6 21. Rcd1 Qe7 22.
dxc5 bxc5 23. Bc3 Nh5 24. Rd7 Qxh4 25. Rxb7 Ng3 26. Rxg7+ 1-0

[Event "Xtracon Chess Open 2017"]
[Site "Helsingor DEN"]
[Date "2017.07.28"]
[Round "8.76"]
[White "Basson, Heinrich"]
[Black "Ezra, Paul Chambers"]
[Result "0-1"]
[BlackTitle "FM"]
[WhiteElo "1937"]
[BlackElo "2162"]
[WhiteFideId "14301440"]
[BlackFideId "20300204"]
[EventDate "2017.07.22"]

1. b3 Nf6 2. Bb2 g6 3. e4 Bg7 4. g3 O-O 5. Bg2 d6 6. Ne2 c5 7. d3 Nc6 8. O-O Rb8
9. Qc1 b5 10. Nd2 Qb6 11. Kh1 Nd4 12. Re1 Bb7 13. c4 Ng4 14. Kg1 Ne5 15. Qb1 Qa5
16. Nxd4 cxd4 17. Qc2 bxc4 18. Nxc4 Nxc4 19. dxc4 e5 20. a3 f5 21. b4 Qc7 22.
Rac1 Bh6 23. Rcd1 Rbc8 24. Qa4 Bxe4 25. Bf1 Ba8 0-1

[Event "Xtracon Chess Open 2017"]
[Site "Helsingor DEN"]
[Date "2017.07.28"]
[Round "8.77"]
[White "Kvamme, Thomas Jordre"]
[Black "Jacobsen, Per"]
[Result "1/2-1/2"]
[WhiteElo "1327"]
[BlackElo "1575"]
[WhiteFideId "1523368"]
[BlackFideId "1413856"]
[EventDate "2017.07.22"]

1. d4 Nf6 2. Nf3 g6 3. Bf4 Bg7 4. e3 O-O 5. Be2 d5 6. h3 c5 7. c3 cxd4 8. exd4
Nc6 9. O-O Bf5 10. Nbd2 Rc8 11. Rc1 Qb6 12. Qb3 Qxb3 13. axb3 a6 14. b4 b5 15.
Nb3 Ne4 16. Bd3 Ng3 17. Bxf5 Nxf5 18. Ra1 Ra8 19. Bc7 Rfc8 20. Bb6 Nd6 21. Ra2 1/2-1/2